<?xml version="1.0" encoding="UTF-8"?>
<record
    xmlns:xsi="http://www.w3.org/2001/XMLSchema-instance"
    xsi:schemaLocation="http://www.loc.gov/MARC21/slim http://www.loc.gov/standards/marcxml/schema/MARC21slim.xsd"
    xmlns="http://www.loc.gov/MARC21/slim">

  <leader>01932nam a2200337 i 4500</leader>
  <controlfield tag="003">DO-SdBNP</controlfield>
  <controlfield tag="005">20250314113210.0</controlfield>
  <controlfield tag="006">a||||gr|||| 00| 0 </controlfield>
  <controlfield tag="007">ta</controlfield>
  <controlfield tag="008">240614t2017    |||ado|| |||| 00| 0 spa d</controlfield>
  <datafield tag="040" ind1=" " ind2=" ">
    <subfield code="a">DO-SdBNP</subfield>
    <subfield code="b">spa</subfield>
    <subfield code="c">BNPHU</subfield>
    <subfield code="e">rda</subfield>
  </datafield>
  <datafield tag="082" ind1=" " ind2="4">
    <subfield code="2">22</subfield>
    <subfield code="b">P197g</subfield>
  </datafield>
  <datafield tag="100" ind1="1" ind2=" ">
    <subfield code="a">Pantale&#xF3;n, Natividad </subfield>
    <subfield code="e">autora</subfield>
    <subfield code="9">85684</subfield>
  </datafield>
  <datafield tag="245" ind1="1" ind2="0">
    <subfield code="a">Gu&#xED;a escolar para el estudio de ecosistemas de agua dulce :</subfield>
    <subfield code="b">r&#xED;os y lagos, adaptarse al cambio clim&#xE1;tico y educar para el desarrollo sostenible /</subfield>
    <subfield code="c">Natividad Pantale&#xF3;n y Paola Tejeda; dise&#xF1;o gr&#xE1;fico y fotograf&#xED;a, Tony N&#xFA;&#xF1;ez; pr&#xF3;logo, Ernesto Reyna Alc&#xE1;ntara, Luis O. Brean Franco.</subfield>
  </datafield>
  <datafield tag="264" ind1=" " ind2="1">
    <subfield code="a">[Santo Domingo] :</subfield>
    <subfield code="b">Consejo Nacional para el el Cambio Clim&#xE1;tico,</subfield>
    <subfield code="b">CNDU,</subfield>
    <subfield code="c">2017</subfield>
  </datafield>
  <datafield tag="300" ind1=" " ind2=" ">
    <subfield code="a">79 p&#xE1;ginas :</subfield>
    <subfield code="b">ilustraciones, fotograf&#xED;as, gr&#xE1;ficas ;</subfield>
    <subfield code="c">30 cm.</subfield>
  </datafield>
  <datafield tag="336" ind1=" " ind2=" ">
    <subfield code="2">rdacontent</subfield>
    <subfield code="a">texto</subfield>
    <subfield code="b">txt</subfield>
  </datafield>
  <datafield tag="337" ind1=" " ind2=" ">
    <subfield code="2">rdamedia</subfield>
    <subfield code="a">sin mediaci&#xF3;n</subfield>
    <subfield code="b">n</subfield>
  </datafield>
  <datafield tag="338" ind1=" " ind2=" ">
    <subfield code="2">rdacarrier</subfield>
    <subfield code="a">volumen</subfield>
    <subfield code="b">nc</subfield>
  </datafield>
  <datafield tag="505" ind1=" " ind2=" ">
    <subfield code="a">Introducci&#xF3;n.--</subfield>
    <subfield code="g">Pr&#xF3;logo /</subfield>
    <subfield code="r">Objetivos de la gu&#xED;a.--</subfield>
    <subfield code="g">Cap&#xED;tulo 1.</subfield>
    <subfield code="t">Recurso de agua.--</subfield>
    <subfield code="g">Cap&#xED;tulo 2.</subfield>
    <subfield code="t">Efectos del cambio clim&#xE1;tico en ecosistemas de agua dulce: r&#xED;os y lagos.--</subfield>
    <subfield code="g">Cap&#xED;tulo 3.</subfield>
    <subfield code="t">&#xBF;Qu&#xE9; podemos hacer?.--</subfield>
    <subfield code="g">Cap&#xED;tulo 4.</subfield>
    <subfield code="t">Actividades humanas.--</subfield>
    <subfield code="g">Cap&#xED;tulo 5.</subfield>
    <subfield code="t">Suelo.--</subfield>
    <subfield code="g">Cap&#xED;tulo 6.</subfield>
    <subfield code="t">Residuos.--</subfield>
    <subfield code="g">Cap&#xED;tulo 7.</subfield>
    <subfield code="t">Calidad de agua.--</subfield>
    <subfield code="g">Cap&#xED;tulo 8.</subfield>
    <subfield code="t">Creaci&#xF3;n de red de monitoreo.--</subfield>
    <subfield code="t">Glosario.--</subfield>
    <subfield code="t">Referencias.--</subfield>
    <subfield code="t">Anexos.</subfield>
  </datafield>
  <datafield tag="590" ind1=" " ind2=" ">
    <subfield code="a">Inventariado 2024 / MF</subfield>
  </datafield>
  <datafield tag="650" ind1=" " ind2="4">
    <subfield code="a">Biodiversidad</subfield>
    <subfield code="x">Gu&#xED;a</subfield>
    <subfield code="v">Ecosistema</subfield>
    <subfield code="z">Rep&#xFA;blica Dominicana</subfield>
    <subfield code="9">79516</subfield>
  </datafield>
  <datafield tag="650" ind1=" " ind2="0">
    <subfield code="a">Conservaci&#xF3;n de los recursos naturales</subfield>
    <subfield code="y">Rep&#xFA;blica Dominicana</subfield>
    <subfield code="9">1562</subfield>
  </datafield>
  <datafield tag="650" ind1=" " ind2="4">
    <subfield code="a">Agua Potable</subfield>
    <subfield code="x">Normas</subfield>
    <subfield code="9">33980</subfield>
  </datafield>
  <datafield tag="700" ind1="1" ind2=" ">
    <subfield code="a">Tejeda, Paola,</subfield>
    <subfield code="e">autora</subfield>
    <subfield code="9">85690</subfield>
  </datafield>
  <datafield tag="700" ind1="1" ind2=" ">
    <subfield code="a">Reyna Alc&#xE1;ntara, Ernesto,</subfield>
    <subfield code="9">33777</subfield>
    <subfield code="e">pr&#xF3;logo</subfield>
  </datafield>
  <datafield tag="700" ind1="1" ind2=" ">
    <subfield code="a">Luis O., Brean Franco,</subfield>
    <subfield code="e">pr&#xF3;logo</subfield>
    <subfield code="9">85691</subfield>
  </datafield>
  <datafield tag="700" ind1="1" ind2=" ">
    <subfield code="a">N&#xFA;&#xF1;ez, Tony,</subfield>
    <subfield code="9">77999</subfield>
    <subfield code="e">fotograf&#xED;a</subfield>
  </datafield>
  <datafield tag="710" ind1="2" ind2=" ">
    <subfield code="a">Comisi&#xF3;n Nacional Dominicana para la UNESCO.</subfield>
    <subfield code="9">85692</subfield>
  </datafield>
  <datafield tag="942" ind1=" " ind2=" ">
    <subfield code="2">ddc</subfield>
    <subfield code="c">LBS1</subfield>
  </datafield>
  <datafield tag="952" ind1=" " ind2=" ">
    <subfield code="0">0</subfield>
    <subfield code="1">0</subfield>
    <subfield code="2">ddc</subfield>
    <subfield code="5">1</subfield>
    <subfield code="7">0</subfield>
    <subfield code="8">PD</subfield>
    <subfield code="a">BNPHU</subfield>
    <subfield code="b">BNPHU</subfield>
    <subfield code="c">CT</subfield>
    <subfield code="d">2024-02-15</subfield>
    <subfield code="e">Dep&#xF3;sito Legal / Cosnejo Nacional para el Cambio Clim&#xE1;tico</subfield>
    <subfield code="l">0</subfield>
    <subfield code="o">P197g</subfield>
    <subfield code="p">2024-3527</subfield>
    <subfield code="r">2024-06-14</subfield>
    <subfield code="w">2024-06-14</subfield>
    <subfield code="y">LBS1</subfield>
  </datafield>
  <datafield tag="999" ind1=" " ind2=" ">
    <subfield code="c">56867</subfield>
    <subfield code="d">56867</subfield>
  </datafield>
</record>
